[Event "Vancouver Raising The Roof Active"]
[Site "Vancouver"]
[Date "2003.02.01"]
[Round "1"]
[White "Kosinski, George"]
[Black "Kury, Bill"]
[Result "1-0"]
[WhiteElo "1818"]
[BlackElo "1280"]
[PlyCount "87"]
[EventDate "2003.02.01"]
[EventType "tourn"]
[EventRounds "5"]
[EventCountry "CAN"]
[SourceTitle "EXT 2022"]
[Source "ChessBase"]
[SourceDate "2021.10.06"]
[SourceVersion "1"]
[SourceVersionDate "2021.10.06"]
[SourceQuality "1"]

1. c4 c5 2. Nf3 Nc6 3. g3 Nf6 4. Nc3 g6 5. Bg2 Bg7 6. 0-0 0-0 7. d3 e6 8. Be3 d6 9. h3 b6 10. Qd2 Bb7 11. Bh6 Ne7 12. Bxg7 Kxg7 13. e4 Nc6 14. d4 cxd4 15. Nxd4 Nxd4 16. Qxd4 Qe7 17. e5 dxe5 18. Qxe5 Bxg2 19. Kxg2 Qb7+ 20. Kg1 Rad8 21. g4 h6 22. Rad1 Qf3 23. Rxd8 Rxd8 24. Re1 Qxh3 25. Re4 Rd2 26. Rf4 Qh4 27. Qxf6+ Qxf6 28. Rxf6 Rd4 29. Rf3 Rxg4+ 30. Kf1 Rxc4 31. Rd3 a5 32. Rd6 Rb4 33. b3 Rh4 34. Rxb6 Rh1+ 35. Kg2 Rh5 36. Rb5 Rxb5 37. Nxb5 Kf6 38. Na7 h5 39. Nc6 g5 40. Nxa5 h4 41. Nc4 g4 42. a4 h3+ 43. Kh2 Kg5 44. Nd2 1-0